Kit and Kat / (Record no. 7269)

MARC details
000 -LEADER
fixed length control field 00874nam a22002777a 4500
001 - CONTROL NUMBER
control field 7269
003 - CONTROL NUMBER IDENTIFIER
control field FISKH
005 - DATE AND TIME OF LATEST TRANSACTION
control field 20250707091425.0
008 - FIXED-LENGTH DATA ELEMENTS--GENERAL INFORMATION
fixed length control field 250707b cb ||||| |||| 00| 0 eng d
040 ## - CATALOGING SOURCE
Original cataloging agency FISKH
Language of cataloging eng
Transcribing agency FISKH
Modifying agency FISKH
050 ## - LIBRARY OF CONGRESS CALL NUMBER
Classification number PZ7.D439 K
082 ## - DEWEY DECIMAL CLASSIFICATION NUMBER
Classification number 314
100 ## - MAIN ENTRY--PERSONAL NAME
Personal name dePaola, Tomie
245 ## - TITLE STATEMENT
Title Kit and Kat /
Statement of responsibility, etc. Written and illustrated by Tomie dePaola
250 ## - EDITION STATEMENT
Edition statement First Scholastic printing, October 1995
260 ## - PUBLICATION, DISTRIBUTION, ETC.
Place of publication, distribution, etc. New York :
Name of publisher, distributor, etc. Scholastic,
Date of publication, distribution, etc. 1986
300 ## - PHYSICAL DESCRIPTION
Extent 32 pages :
Other physical details color illustrations ;
Dimensions 23 cm
505 ## - FORMATTED CONTENTS NOTE
Formatted contents note E<br/>
520 ## - SUMMARY, ETC.
Summary, etc. Three stories featuring the Kitten Kids sleeping at their grandparents' house, riding bikes, and playing with a bully.
521 8# - TARGET AUDIENCE NOTE
Target audience note 280<br/>
Source Lexile<br/>
521 8# - TARGET AUDIENCE NOTE
Target audience note E<br/>
Source Raz-Plus<br/>
650 ## - SUBJECT ADDED ENTRY--TOPICAL TERM
Topical term or geographic name entry element Friends
Form subdivision Siblings
700 ## - ADDED ENTRY--PERSONAL NAME
Personal name dePaola, Tomie
Relator term illustrator
942 ## - ADDED ENTRY ELEMENTS (KOHA)
Source of classification or shelving scheme Dewey Decimal Classification
Koha item type Books
Suppress in OPAC No
Holdings
Withdrawn status Lost status Source of classification or shelving scheme Damaged status Not for loan Collection Home library Current library Shelving location Date acquired Total Checkouts Full call number Barcode Date due Date last seen Date last checked out Copy number Price effective from Koha item type
    Dewey Decimal Classification     Juvenile Fiction Footprints International School Library Network Toul Kork Campus Footprints International School Library Network Toul Kork Campus TK Primary Library Room(4th Floor), Bookcase 7, Shelves 57-60, Dark Green Books 07/07/2025 1 DEP 314 PZ7.D439 K 2025-1759 05/12/2026 04/28/2026 04/28/2026 1 07/07/2025 Books